Life in ash - حياة في الرماد (notice n° 9487)
[ vue normale ]
| 000 -Label | |
|---|---|
| leader | 01318nam a2200229 4500 |
| 099 ## - Informations locales | |
| Type de document | Livre |
| 100 ## - Données générales de traitement | |
| a | 20260227d u||y0frey5050 ba |
| 101 ## - Langue | |
| langue document | anglais |
| -- | arabe |
| 102 ## - Pays d'édition ou de production | |
| pays d'édition | Syrie |
| 200 ## - Titre | |
| titre propre | Life in ash - حياة في الرماد |
| type de document | Livre |
| sous-titre | [ Atassi Gallery, Damascus, Syria, 2002 ] |
| auteur | Nizar Sabour |
| -- | نزار صابور |
| auteur secondaire | Fadi C. Abdelhak |
| 210 ## - Editeur | |
| lieu de publication | سورية |
| -- | Syrie |
| nom de l'éditeur | s.n. |
| date de publication | 2002 |
| 215 ## - Description | |
| Importance matérielle | n.p. |
| autres carac. | couv.coul. |
| format | 23.5 x 16.5 |
| 330 ## - Résumé | |
| Résumé | Always interacting with the surrounding social and political events, Sabour addressed the Palestinian revolution and the disaster of a train burning in Egypt in his series Life in ashes (2001-2003). His media was a means to convey the harshness of the human condition: he used ashes and black olive mill pomace and performed with the roughness of the materials to depict simplified and congregated figures, people who seem to have lost their forms and aspects through tough experiences. |
| 606 ## - sujets | |
| sujet | Art dans le monde arabe |
| subdiv. sujet | Artiste syrien |
| -- | Art en Syrie |
| koha internal code | 25883 |
| 606 ## - sujets | |
| sujet | Art in the Arab World |
| subdiv. sujet | Syrian artist |
| -- | Art in Syria |
| koha internal code | 25886 |
| 700 ## - Auteur | |
| code de fonction | Peintre |
| auteur | Sabour |
| prénom | Nizar |
| koha internal code | 25884 |
| 702 ## - Auteur secondaire | |
| code de fonction | Traducteur |
| nom | Abdelhak |
| prénom | Fadi C. |
| koha internal code | 25885 |
| 801 ## - source de catalogage | |
| pays | TN |
| agence de catalogage | 32BIS |
| date de la transaction | 20260227 |
| règles de catalogage utilisées | UNIMARC |
| 830 ## - note | |
| catalogeur | ABA |
| 856 ## - accès | |
| URL | https://dafbeirut.org/artists/nizar-sabour |
| Propriétaire | Dépositaire | Localisation | Code barre | Numéro Inventaire | Cote | Note | Statut |
|---|---|---|---|---|---|---|---|
| The 32bis Library | The 32bis Library | Salle de lecture 32BIS | 007277 | 7196 | 707.4 SAB | Dépôt MAB | Consultable sur place |